Một số lễ hội điển hình ở Ninh Bình

Shranjeno v:
Bibliografske podrobnosti
Glavni avtor: Đỗ Danh Gia
Format: Knjiga
Jezik:Vietnamese
Izdano: H. Lao Động 2011
Teme:
Oznake: Označite
Brez oznak, prvi označite!
Thư viện lưu trữ: Mạng thư viện Đại học Đà Nẵng
LEADER 01224aam a22003738a 4500
001 000016109
003 12499
005 20120719100738.0
008 120719s2011 viesd
020 |d 2000b 
041 0 |a vie 
082 1 4 |2 14  |a 390.59739  |b ĐÔ-G 
100 0 |a Đỗ Danh Gia 
245 0 0 |a Một số lễ hội điển hình ở Ninh Bình  |c Đỗ Danh Gia 
260 |a H.  |b Lao Động  |c 2011 
300 |a 354 tr  |c 21cm 
500 |a ĐTTS ghi: Hội Văn nghệ dân gian Việt Nam 
546 |a Chính văn bằng 2 thứ tiếng: Việt - Ba Na 
650 7 |2 Bộ TK TVQG 
650 7 |2 Bộ TK TVQG 
650 |a Ninh Bình 
651 7 |2 Bộ TK TVQG  |a Việt Nam 
653 |a lễ hội 
655 7 |2 Bộ TK TVQG  |a Sử thi 
OWN |a LSP 
AVA |a UDN50  |b LSP  |d 390.59739 ĐÔ-G  |e available  |t Error 5001 Not defined in file expand_doc_bib_avail.  |f 1  |g 0  |h N  |i 0  |k 1 
999 |a From the UDN01 
AVA |a UDN50  |b LSP  |d 390.59739 ĐÔ-G  |e available  |t Error 5001 Not defined in file expand_doc_bib_avail.  |f 1  |g 0  |h N  |i 0  |k 1 
TYP |a Monograph 
TYP |a Printed language 
980 |a Mạng thư viện Đại học Đà Nẵng